[Event "72nd ch-ARM 1st League"]
[Site "Kajaran ARM"]
[Date "2011.08.20"]
[Round "3"]
[White "Gabuzyan,H"]
[Black "Hayrapetian,O"]
[Result "1/2-1/2"]
[WhiteElo "2404"]
[BlackElo "2406"]

1.g3 d5 2.Nf3 c6 3.Bg2 Bg4 4.O-O Nd7 5.d4 Ngf6 6.Nbd2 e6 7.Re1 Bd6 8.e4 dxe4
9.Nxe4 Nxe4 10.Rxe4 Nf6 11.Re1 O-O 12.c3 Qb6 13.Qb3 Nd7 14.Nd2 Bc7 15.Qa4 Qa5
16.Qxa5 Bxa5 17.Nc4 Bc7 18.a4 a5 19.Ra3 Rab8 20.Bf4 Bxf4 21.gxf4 Ra8 22.Rb3 Ra7
23.Nd6 Rb8 24.c4 Kf8 25.h3 Bf5 26.Nxf5 exf5 27.Rbe3 Raa8 28.d5 cxd5 29.cxd5 Ra6
30.Rc1 Rd6 31.Rc7 b6 32.Rc6 Rxc6 33.dxc6 Nc5 34.Re5 f6 35.Rxf5 Rd8 36.b4 axb4
37.a5 b3 38.Rd5 Rc8 39.axb6 Rxc6 40.Rd8+ Ke7 41.b7 Nxb7 42.Re8+ Kd6 43.Bxc6 Kxc6
44.Kf1 Kd5 45.Rb8 Na5 46.Ke2 Kd4 47.Kd2 Nc4+ 48.Kc1 Kc3 49.Rc8 g5 50.fxg5 fxg5
51.Rc7 h5 52.f3 h4 53.Rc5 b2+ 54.Kb1 Kb3 55.Rb5+ Kc3 56.Rc5  1/2-1/2

[Event "Metalmex Open"]
[Site "Liberec CZE"]
[Date "2011.08.20"]
[Round "8.18"]
[White "Sroubova,Lenka"]
[Black "Pajersky,Michal"]
[Result "1/2-1/2"]
[WhiteElo "1804"]
[BlackElo "1700"]

1.Nf3 d5 2.g3 Nf6 3.Bg2 c5 4.O-O Nc6 5.d3 g6 6.Nbd2 Bg7 7.e4 e6 8.Qe2 O-O
9.c3 b6 10.Rd1 Ba6 11.Ne1 Rc8 12.e5 Nd7 13.f4 Ndb8 14.Ndf3 Qe7 15.Be3 Rfd8
16.Bf2 Rd7 17.Qd2 Rdc7 18.Rac1 Nd7 19.Qc2 Bb7 20.Qd2 a6 21.Nc2 b5 22.d4 a5
23.Na3 Ba6 24.Bf1 c4 25.Nc2 Nb6 26.Ne3 Ra8 27.Bh3 Bc8 28.Re1 b4 29.Bg2 Bd7
30.Qe2 a4 31.Nc2 bxc3 32.bxc3 a3 33.Qd2 Rb7 34.Rb1 Rab8 35.Qc1 Bf8 36.Nd2 Na4
37.Re3 Nb2 38.Bf1 Qd8 39.Be1 Qa5 40.Nf3 Qa6 41.Nd2 Be7 42.Rf3 Qa8 43.Ne3 Na5
44.g4 Na4 45.Nd1 Nc6 46.Qc2 Qa7 47.Bf2 Nb2 48.Ne3 Na5 49.g5 Rb6 50.h4 R8b7
51.Rh3 Ba4 52.Qc1 Qb8 53.Ra1 Qc8 54.h5 Nd3 55.Bxd3 cxd3 56.Ng4 Bc2 57.Nf6+ Bxf6
58.gxf6 Qxc3 59.Be3 Nc4 60.hxg6 fxg6 61.Qe1 Nxd2 62.Bxd2 Qxa1 63.Qxa1 Rb1+
64.Qxb1 Rxb1+ 65.Kf2 h5 66.Bc3 Kf7 67.Ke3 Rb6 68.Rh2 Rb7  1/2-1/2

[Event "1st Metropolitan International"]
[Site "Los Angeles USA"]
[Date "2011.08.20"]
[Round "6"]
[White "Altounian,L"]
[Black "Rosen,E"]
[Result "1/2-1/2"]
[WhiteElo "2431"]
[BlackElo "2216"]

1.Nf3 d5 2.g3 Nf6 3.Bg2 e6 4.O-O Be7 5.c4 O-O 6.d4 dxc4 7.Qc2 b5 8.a4 b4
9.Nbd2 Bb7 10.Nxc4 Nbd7 11.Bg5 c5 12.Rfd1 Be4 13.Qd2 Nd5 14.Rac1 Bxg5 15.Qxg5 Qxg5
16.Nxg5 Bxg2 17.Kxg2 cxd4 18.Nd6 h6 19.Nf3 Rfd8 20.Rxd4 N7b6 21.Nb7 Rdb8
22.Nc5 a5 23.e4 Nf6 24.Rd6 Ra7 25.Nd4 Rc7 26.Ndb3 Ne8 27.Rd4 Rbc8 28.Rcd1 Kf8
29.Nd7+ Nxd7 30.Rxd7 Rxd7 31.Rxd7 Nf6 32.Rb7 Rc2 33.Nxa5 Nxe4 34.Rxb4 f5
35.Kg1 Nxf2 36.Rb8+ Ke7 37.b4 Nh3+ 38.Kf1 Ra2 39.Ra8 g5 40.Nc6+ Kd6 41.b5 f4
42.Rd8+ Kc5 43.gxf4 Ra1+ 44.Kg2 Nxf4+ 45.Kf3 Rxa4 46.h4 Kxb5 47.hxg5 hxg5
48.Ne5 Nd5 49.Rd6 Nf4 50.Nf7 Kc5 51.Rd8 g4+ 52.Kxg4 Nd5+ 53.Kg5 Ra1 54.Kg6 Rg1+
55.Ng5 Kd4 56.Rc8 e5 57.Kf5 Rf1+ 58.Kg6 Rf6+ 59.Kh5 Rf1 60.Kg6 Nc3 61.Ne6+ Kd3
62.Ng5 e4 63.Rxc3+ Kxc3 64.Nxe4+ Kd4 65.Nf6 Ke5 66.Ng4+ Ke6 67.Kg5 Rf3 68.Nh2 Rf8
69.Ng4 Rf1 70.Ne3 Rf3 71.Ng4 Rb3 72.Kg6 Rb5 73.Nf6 Re5 74.Nh7 Ke7 75.Ng5 Ra5
76.Nf3 Ke6 77.Nd4+ Kd5 78.Nf3 Ra6+ 79.Kf5 Ra8 80.Kf4 Re8 81.Ng5 Rf8+ 82.Ke3 Rf5
83.Nf3 Rxf3+  1/2-1/2

[Event "31st Presolana Open"]
[Site "Presolana ITA"]
[Date "2011.08.20"]
[Round "1"]
[White "Panchanathan,M"]
[Black "Montani,F"]
[Result "1-0"]
[WhiteElo "2556"]
[BlackElo "2218"]

1.Nf3 d5 2.g3 Nf6 3.Bg2 Bf5 4.O-O e6 5.d3 Be7 6.Nh4 Bg4 7.Qe1 Nc6 8.h3 Bh5
9.c3 O-O 10.Nd2 Re8 11.Nb3 Nd7 12.Nf3 e5 13.e4 dxe4 14.dxe4 a5 15.a4 f6 16.Be3 Bf7
17.Nfd2 Ncb8 18.Qe2 b6 19.Rfd1 Na6 20.Bf1 Qc8 21.Kh2 Nac5 22.Nc1 Rd8 23.Qf3 Nf8
24.Bb5 Qb7 25.Bxc5 Bxc5 26.Nd3 Be7 27.Bc4 Bxc4 28.Nxc4 Ne6 29.h4 Nc5 30.Nxc5 Bxc5
31.h5 Qc6 32.b3 Qe6 33.Kg2 Kf7 34.Rd5 Ke7 35.Rad1 c6 36.R5d3 Rab8 37.R1d2 Rxd3
38.Qxd3 Ke8 39.Rd1 Be7 40.Qe2 Bc5 41.Qd2 Be7 42.Qe2 Bc5 43.Rb1 Rd8 44.b4 axb4
45.cxb4 Bd4 46.a5 b5 47.Ne3 Bxe3 48.Qxe3 Rd4 49.Ra1 Qd7 50.a6 Qa7 51.Qc3 Rc4
52.Qd2 Ke7 53.Qe2 Rd4 54.Qg4 Kd8 55.Qe6 Kc7 56.h6 Rd2 57.Qe7+ Rd7 58.Qxd7+ Kxd7
59.hxg7  1-0

[Event "XVI Seahorse Open A"]
[Site "Rewal POL"]
[Date "2011.08.20"]
[Round "2.7"]
[White "Popova,N"]
[Black "Guzik,J"]
[Result "1/2-1/2"]
[WhiteElo "2317"]
[BlackElo "2150"]

1.Nf3 d5 2.g3 g6 3.Bg2 Bg7 4.d4 e6 5.O-O Nd7 6.c4 c6 7.Qc2 f5 8.Bf4 Ngf6
9.Ng5 Qe7 10.c5 e5 11.dxe5 Nxe5 12.Nf3 Nfd7 13.Nxe5 Nxe5 14.h4 h6 15.Nd2 g5
16.Bxe5 Qxe5 17.Rab1 gxh4 18.Nf3 Qe4 19.Qxe4+ fxe4 20.Nxh4 Bf6  1/2-1/2

[Event "Trade Fair Open A"]
[Site "Brno CZE"]
[Date "2011.08.21"]
[Round "2"]
[White "Vojacek,Z"]
[Black "Stepan,Patrik"]
[Result "1-0"]
[WhiteElo "1943"]
[BlackElo "1649"]

1.Nf3 d5 2.g3 Nf6 3.Bg2 g6 4.c4 Bg7 5.O-O O-O 6.cxd5 Nxd5 7.d4 Nc6 8.e4 Nb6
9.d5 Ne5 10.Nxe5 Bxe5 11.Qc2 e6 12.Bh6 Re8 13.Nc3 exd5 14.exd5 Bf5 15.Qb3 Qd7
16.Rfe1 Bd3 17.Rad1 Bc4 18.Qc2 Rad8 19.b3 Ba6 20.Ne4 Qf5 21.f4 Bd6 22.Qc3  1-0

[Event "Trade Fair Open A"]
[Site "Brno CZE"]
[Date "2011.08.21"]
[Round "2"]
[White "Strnad,R"]
[Black "Hosek,Ma"]
[Result "0-1"]
[WhiteElo "1744"]
[BlackElo "1978"]

1.Nf3 d5 2.g3 c5 3.d3 Nc6 4.Bg2 Nf6 5.O-O Bg4 6.Nbd2 Qd7 7.Qe1 O-O-O 8.e4 h5
9.exd5 Nxd5 10.Ne4 e5 11.h4 Be7 12.Nfg5 Rdf8 13.Be3 Nd4 14.Bxd4 cxd4 15.Qa5 Kb8
16.a3 f6 17.Nf3 Rc8 18.Rac1 Bd8 19.Qd2 Rg8 20.c3 Bxf3 21.Bxf3 g5 22.hxg5 f5
23.Nf6 Nxf6 24.gxf6 h4 25.Qh6 hxg3 26.fxg3 Rxg3+ 27.Kf2 Rg8 28.Rg1 Rxg1 29.Rxg1 dxc3
30.bxc3 Bb6+ 31.d4 e4 32.Rg7 Qe6 33.Re7 Qc6 34.Bh5 Qxc3 35.f7 Qxd4+ 36.Kg3 Qf2+  0-1

[Event "Metalmex Open"]
[Site "Liberec CZE"]
[Date "2011.08.21"]
[Round "9"]
[White "Marsalek,Z"]
[Black "Snorek,M"]
[Result "1-0"]
[WhiteElo "2266"]
[BlackElo "2118"]

1.Nf3 d5 2.g3 Nf6 3.Bg2 c6 4.O-O Bf5 5.d4 Nbd7 6.c4 e6 7.Nc3 Bd6 8.Qb3 Qb6
9.c5 Qxb3 10.axb3 Bc7 11.b4 O-O 12.b5 e5 13.bxc6 bxc6 14.Ra6 Nb8 15.Ra2 e4
16.Ne1 a5 17.b4 Na6 18.b5 Nb4 19.Rb2 cxb5 20.Nxb5 Rfc8 21.Bd2 Nc6 22.Nc2 Rab8
23.Rfb1 e3 24.fxe3 Bxc2 25.Rxc2 Nb4 26.Nxc7 Nxc2 27.Rxb8 Rxb8 28.Nxd5 a4
29.c6 Ne8 30.Be4 a3 31.Bc3 a2 32.Bxc2 Rb1+ 33.Kf2 Nd6 34.c7 Kf8 35.Kf3 g6
36.e4 Nc8 37.Ke3 h5 38.e5 Ke8 39.Ba4+ Kf8 40.Nb4 a1=Q 41.Bxa1 Rxb4 42.Bd7 Rc4
43.Bxc8 Rxc7 44.Bh3 Rc1 45.Bb2 Rh1 46.Ba3+ Ke8 47.Bg2 Rxh2 48.Kf2 h4 49.gxh4 Rxh4
50.Bc5 Kd7 51.Kg3 Rh8 52.Bh3+ Kc6 53.e6 fxe6 54.Bxe6 Rh1 55.Bg4 Rg1+ 56.Kf4 Rf1+
57.Kg5 Rg1 58.e4 Rg2 59.e5 Kc7 60.e6 Kd8 61.Bd6 Ke8 62.Be5 Ke7 63.d5  1-0

[Event "Recklinghaeuser Open"]
[Site "Recklinghausen GER"]
[Date "2011.08.21"]
[Round "7"]
[White "Mroczek,M"]
[Black "Arndt,O"]
[Result "1-0"]
[WhiteElo "2143"]
[BlackElo "1951"]

1.Nf3 d5 2.g3 g6 3.Bg2 Bg7 4.d4 e6 5.O-O Ne7 6.c4 O-O 7.Qc2 Nd7 8.Rd1 c6
9.Bf4 dxc4 10.Qxc4 Nb6 11.Qc2 Nbd5 12.Bd2 f5 13.Na3 Nb6 14.Bf4 Ned5 15.Be5 Qe7
16.Bxg7 Kxg7 17.Ne5 Rd8 18.Rac1 Bd7 19.Nac4 Nxc4 20.Qxc4 Be8 21.a3 a5 22.e4 fxe4
23.Bxe4 Qd6 24.Bxd5 exd5 25.Qe2 Bd7 26.Rd3 a4 27.Re3 Re8 28.Re1 Rad8 29.h4 h5
30.Qd2 Bf5 31.Nc4 Qf8 32.Ne5 Qd6 33.Rf3 Rf8 34.Qg5 Qf6 35.Qd2 Qd6 36.Qd1 Be4
37.Rxf8 Rxf8 38.Qxa4 Qf6 39.Re2 Qf5 40.Kh2 Re8 41.Qb3 Re7 42.Qe3 c5 43.f4 c4
44.b3 cxb3 45.Qxb3 Rc7 46.Qe3 Qc8 47.f5 Rc1 48.f6+ Kh7 49.Nf3 Kg8 50.f7+ Kg7
51.Qf4 Bxf3 52.Qxf3 Rc7 53.Rf2 Qf8 54.Qxd5 Rxf7 55.Rxf7+ Qxf7 56.Qxf7+ Kxf7
57.Kg2 Ke6 58.Kf3 Kd5 59.Ke3 b6 60.Kd3 b5 61.Ke3 Kc4 62.Ke4  1-0

[Event "26th Schwarzacher Open"]
[Site "Schwarzach AUT"]
[Date "2011.08.21"]
[Round "2"]
[White "Stephan,Ax"]
[Black "Kunin,V"]
[Result "0-1"]
[WhiteElo "2194"]
[BlackElo "2562"]

1.Nf3 d5 2.g3 Nf6 3.Bg2 Bg4 4.O-O c6 5.b3 Nbd7 6.Bb2 e6 7.c4 Be7 8.d4 Ne4
9.Nfd2 f5 10.Nxe4 fxe4 11.f3 exf3 12.exf3 Bf5 13.Qe2 O-O 14.Nd2 Bf6 15.Rfe1 c5
16.g4 Bg6 17.Qxe6+ Bf7 18.Qe3 Re8 19.Qf2 Bh4 20.Qf1 Qg5 21.cxd5 Bxd5 22.Nc4 Rf8
23.dxc5 Bc6 24.Qd3 Rae8 25.Rf1 Nxc5 26.Qc3 Ne6 27.Ne5 Nf4 28.Kh1 Bd5 29.Rad1 Bg3
30.Rxd5 Qh4 31.h3 Nxh3 32.Ng6 Nf2+ 33.Kg1 Qh2+  0-1

[Event "1st Isthmia Open"]
[Site "Vrachati GRE"]
[Date "2011.08.21"]
[Round "4.11"]
[White "Papadimitriou,A"]
[Black "Svetushkin,D"]
[Result "0-1"]
[WhiteElo "2184"]
[BlackElo "2576"]

1.Nf3 d5 2.g3 Nf6 3.Bg2 c6 4.d4 Bf5 5.O-O h6 6.c4 e6 7.Nc3 Be7 8.b3 Nbd7
9.Bb2 O-O 10.Ne5 Qb6 11.Nxd7 Nxd7 12.e4 dxe4 13.Bxe4 Bxe4 14.Nxe4 Nf6 15.Re1 Rad8
16.Qc2 Rd7 17.Rad1 Rfd8 18.Nc3 Qa6 19.a3 b5 20.cxb5 cxb5 21.Qe2 Qb6 22.d5 Nxd5
23.Nxb5 a6 24.Nd4 Bxa3 25.Ba1 Bb4 26.Rf1 Bc3 27.Qe5 Bxa1 28.Rxa1 Nb4 29.Ne2 Rd2
30.Nf4 Qd4 31.Qxd4 R8xd4 32.Rfb1 g5 33.Ng2 Nc2  0-1

[Event "5th Zupanja Open"]
[Site "Zupanja CRO"]
[Date "2011.08.21"]
[Round "8.11"]
[White "Budimir,Bor"]
[Black "Jefic,S"]
[Result "0-1"]
[WhiteElo "2275"]
[BlackElo "2143"]

1.Nf3 d5 2.g3 Nf6 3.Bg2 Bf5 4.O-O Nbd7 5.b3 e5 6.d3 c6 7.Nbd2 Bc5 8.c3 O-O
9.Nh4 Be6 10.e4 dxe4 11.dxe4 a5 12.h3 Qb6 13.Qe2 Rad8 14.Nc4 Qa6 15.Re1 Bxc4
16.bxc4 Rfe8 17.Rb1 Nb6 18.Bf1 Re6 19.Nf5 Nc8 20.Be3 Bf8 21.Qf3 b6 22.c5 b5
23.a4 Qa7 24.axb5 Bxc5 25.Bc4 Ree8 26.bxc6 Bxe3 27.Nxe3 Qc5 28.Rb5 Qxc6 29.Rxa5 Qxe4
30.Qxe4 Nxe4 31.Rc1 Rd2 32.Ra2 Red8 33.Rxd2 Nxd2 34.Bd5 e4 35.Rd1 Nf3+ 36.Kg2 Ne5
37.Bxe4 Rxd1 38.Nxd1 Kf8 39.Ne3 Nd6 40.Bd5 Nd7 41.Kf3 Ke7 42.Ke2 g5 43.Kd3 h5
44.c4 Nc5+ 45.Kd4 Nb3+ 46.Kc3 Nc5 47.f3 Kf6 48.Nd1 Ke5 49.Nf2 f5 50.Nd3+ Nxd3
51.Kxd3 h4 52.gxh4 gxh4 53.Ba8 Nf7 54.c5 f4 55.Kc4 Ng5 56.Kb5 Nxh3 57.Bb7 Ng5
58.Bc8 Nxf3 59.Kc4 Ng5 60.Kd3 Kd5 61.Bg4 Kxc5 62.Ke2 Kd4 63.Kf2 Ke4 64.Bc8 f3  0-1

[Event "BDO Premier"]
[Site "Haarlem NED"]
[Date "2011.08.22"]
[Round "3.4"]
[White "Janssen,Ru"]
[Black "Vaibhav,S"]
[Result "1-0"]
[WhiteElo "2513"]
[BlackElo "2430"]

1.Nf3 d5 2.g3 c6 3.Bg2 Bg4 4.c4 e6 5.O-O Nf6 6.b3 Nbd7 7.Bb2 Bd6 8.d3 O-O
9.Nbd2 Re8 10.h3 Bh5 11.Rc1 a5 12.Nd4 Qb6 13.g4 Bg6 14.cxd5 cxd5 15.a4 Rac8
16.Nb5 Be5 17.Ba3 Bf4 18.e3 Rxc1 19.Bxc1 Bxe3 20.fxe3 Qxe3+ 21.Rf2 Nc5 22.Ne4 Qxd3
23.Nxf6+ gxf6 24.Qxd3 Nxd3 25.Rc2 Nxc1 26.Rxc1 Rd8 27.Kf2 e5 28.Rc5 d4 29.Bxb7 Kg7
30.Rd5 Rh8 31.Nd6 Bc2 32.Rxa5 Rd8 33.Nf5+ Kg6 34.Rd5 Rb8 35.Rb5 Bd3 36.Rb6 Kg5
37.a5 Kf4 38.Ne7 e4 39.a6 e3+ 40.Ke1 Bxa6 41.Bxa6 Rxb6 42.Nd5+  1-0

[Event "Malaysian Open"]
[Site "Kuala Lumpur MAS"]
[Date "2011.08.22"]
[Round "6.14"]
[White "Ju Wenjun"]
[Black "Lim Yee Weng"]
[Result "1-0"]
[WhiteElo "2515"]
[BlackElo "2253"]

1.Nf3 d5 2.g3 Nf6 3.Bg2 Bf5 4.d3 e6 5.O-O Be7 6.c4 c6 7.cxd5 exd5 8.Nd4 Bc8
9.e4 c5 10.Nf5 Bxf5 11.exf5 Nc6 12.Nc3 Qd7 13.g4 d4 14.Ne4 Nxe4 15.Bxe4 g5
16.f4 gxf4 17.Bxf4 Rg8 18.Kh1 Bd6 19.Qf3 Bxf4 20.Qxf4 f6 21.Rac1 Ne5 22.Rxc5 Qe7
23.Rd5 Rd8 24.h3 h5 25.Rxd8+ Kxd8 26.gxh5 Rg5 27.Qh4 Qh7 28.h6 Nf7 29.Bg2 Qxh6
30.Qxd4+ Ke7 31.Qc5+ Kd8 32.Rc1 Rxg2 33.Qd5+ Ke8 34.Rc8+  1-0

[Event "Malaysian Open"]
[Site "Kuala Lumpur MAS"]
[Date "2011.08.22"]
[Round "6.25"]
[White "Lei Tingjie"]
[Black "Kojima,S"]
[Result "1/2-1/2"]
[WhiteElo "2061"]
[BlackElo "2300"]

1.Nf3 d5 2.g3 Nf6 3.Bg2 c6 4.O-O Bg4 5.d3 Nbd7 6.Nbd2 e5 7.e4 dxe4 8.dxe4 Be7
9.Qe1 O-O 10.Nc4 Qc7 11.b3 Rfe8 12.Bb2 Bf8 13.h3 Bxf3 14.Bxf3 b5 15.Ne3 Nc5
16.Ng4 Nxg4 17.Bxg4 a5 18.a4 b4 19.Rd1 Rad8 20.Qe2 g6 21.h4 h5 22.Bh3 Ne6
23.Rxd8 Qxd8 24.Bxe6 Rxe6 25.Rd1 Rd6 26.Rxd6 Qxd6 27.Qc4 Be7 28.Kg2 Bd8 29.Qd3 Bc7
30.Qxd6 Bxd6 31.Bc1 f6 32.Be3 Bc7 33.Kf3 Kf7 34.Bc5 f5 35.Ke3 Ke6 36.Kd3 Bd8
37.Be3 Kd6 38.Bh6 Bb6 39.f4 Ke6 40.fxe5 Kxe5 41.Bf4+ Ke6 42.Bb8 Kf6 43.Bf4 Ke6
44.Bd2 Ke5 45.Bf4+ Ke6 46.Bh6 Kf6 47.Bc1 Ke6 48.Bf4 Kf6 49.Bg5+ Ke5 50.Bf4+ Ke6  1/2-1/2

[Event "26th Schwarzacher Open"]
[Site "Schwarzach AUT"]
[Date "2011.08.22"]
[Round "3"]
[White "Neuer,T"]
[Black "Medancic,R"]
[Result "0-1"]
[WhiteElo "2096"]
[BlackElo "2275"]

1.Nf3 d5 2.g3 c6 3.Bg2 Nf6 4.c4 dxc4 5.O-O Qd5 6.a4 a5 7.Na3 Be6 8.d3 cxd3
9.Ng5 Qb3 10.Nxe6 Qxe6 11.Qxd3 g6 12.Nc4 Bg7 13.Bd2 O-O 14.Bxa5 Nbd7 15.Bb4 Nd5
16.Bxd5 cxd5 17.Ne3 d4 18.Nc4 Rfc8 19.b3 Nc5 20.Bxc5 Rxc5 21.a5 Qc6 22.f4 Qb5
23.Rfc1 Rac8 24.Ra2 e5 25.fxe5 Bxe5 26.Rac2 Bg7 27.Rf1 R8c7 28.Ra2 Re7 29.Rf3 Qc6
30.Ra4 h5 31.Rb4 Qd7 32.Kg2 h4 33.Rf4 hxg3 34.hxg3 Qe6 35.Kf2 Rh5 36.Rh4 Rxh4
37.gxh4 Qg4 38.Qf3 Qxh4+ 39.Kg2 Re4 40.Rxb7 Rg4+ 41.Kf1 Rf4 42.a6 Qh1+ 43.Kf2 Qh2+
44.Kf1 d3  0-1

[Event "1st Isthmia Open"]
[Site "Vrachati GRE"]
[Date "2011.08.22"]
[Round "5.14"]
[White "Javakhishvili,L"]
[Black "Xylogiannopoulos,A"]
[Result "1-0"]
[WhiteElo "2469"]
[BlackElo "2104"]

1.Nf3 d5 2.g3 Nf6 3.Bg2 c6 4.O-O Bg4 5.d3 Nbd7 6.Nbd2 e5 7.e4 Bd6 8.Qe1 Qc7
9.h3 Be6 10.Ng5 h6 11.Nxe6 fxe6 12.c3 g5 13.Qe3 b6 14.a4 O-O-O 15.a5 b5 16.a6 Bc5
17.Qe2 Bb6 18.exd5 exd5 19.c4 bxc4 20.dxc4 e4 21.b4 Qe5 22.Ra3 Rde8 23.c5 Bc7
24.Nb3 Qe7 25.b5 Nxc5 26.Nd4 Bb6 27.Nxc6 Qd6 28.Be3 Kd7 29.Qa2 Rc8 30.Rc3 Ke6
31.Rd1 Kf5 32.Qa3  1-0

[Event "Malaysian Open"]
[Site "Kuala Lumpur MAS"]
[Date "2011.08.23"]
[Round "8.4"]
[White "Nguyen Duc Hoa"]
[Black "Barbosa,O PHI"]
[Result "1-0"]
[WhiteElo "2452"]
[BlackElo "2514"]

1.Nf3 d5 2.g3 Nf6 3.Bg2 c6 4.O-O Bf5 5.d3 e6 6.Nh4 Bg4 7.h3 Bh5 8.g4 Nfd7
9.Nf3 Bg6 10.Bf4 Be7 11.Nbd2 O-O 12.c4 a5 13.Re1 Na6 14.Rc1 Qb6 15.Qc2 Rfe8
16.Bg3 h6 17.Ne5 Nxe5 18.Bxe5 Rad8 19.Red1 Rd7 20.Nf3 Nb4 21.Qb3 Qa7 22.Bd4 Qa8
23.c5 f6 24.Qa4 e5 25.Bxe5 fxe5 26.Nxe5 Bg5 27.Nxd7 Bxc1 28.Rxc1 Rxe2 29.Bf1 Rxb2
30.a3 Qd8 31.axb4 Rxb4 32.Qa1 Qxd7 33.Qxa5 Rb5 34.Qa8+ Kh7 35.Qf8 Qe6 36.Ra1 Qf7
37.Qxf7 Bxf7 38.d4 Rb4 39.Rd1 Kg6 40.Kg2 Kf6 41.Kf3 Bg6 42.Kg3 Rb3+ 43.f3 h5
44.Kf4 h4 45.Rd2 Rb1 46.Bg2 b6 47.cxb6 Rxb6 48.g5+ Ke6 49.Kg4 Rb4 50.f4 Be4
51.Bxe4 dxe4 52.f5+ Kd5 53.Kf4 Rb3 54.f6 Rf3+ 55.Kg4 gxf6 56.g6 Rg3+ 57.Kf5 e3
58.Rd1 Rf3+ 59.Kg4 Ke4 60.Kxh4 Rf5 61.Rg1 e2 62.g7 Rg5 63.Rxg5 fxg5+ 64.Kh5 e1=Q
65.g8=Q Qh4+ 66.Kg6 Qxh3 67.Qe8+  1-0

[Event "31st Presolana Open"]
[Site "Presolana ITA"]
[Date "2011.08.23"]
[Round "4.13"]
[White "Juhasz,Kr"]
[Black "Brun,D"]
[Result "1-0"]
[WhiteElo "2334"]
[BlackElo "2265"]

1.Nf3 d5 2.g3 Nf6 3.Bg2 c6 4.O-O Bg4 5.d4 e6 6.Nbd2 Nbd7 7.Re1 Bd6 8.e4 dxe4
9.Nxe4 Nxe4 10.Rxe4 Nf6 11.Re1 O-O 12.c3 Qc7 13.Qb3 Bxf3 14.Bxf3 h6 15.a4 a5
16.Be3 Rfe8 17.Rad1 Rab8 18.c4 b6 19.Qc2 Rbd8 20.Rd3 e5 21.dxe5 Bxe5 22.Rxd8 Rxd8
23.Bxb6 Qxb6 24.Rxe5 Qb4 25.Qc3 Rd2 26.Rxa5 Qd6 27.Ra8+ Kh7 28.Ra6 Rd3 29.Qc2 Kh8
30.Ra8+ Ng8 31.Qe2 Qd7 32.b4 Rb3 33.b5 Qh3 34.Rd8 cxb5 35.Bg4 Rb1+ 36.Rd1 Rb2
37.Qxb2 Qxg4 38.Rd4 Qe6 39.axb5 Nf6 40.b6 Nd7 41.Rxd7  1-0

[Event "3rd Senica Open"]
[Site "Senica SVK"]
[Date "2011.08.23"]
[Round "3.1"]
[White "Kislinsky,A"]
[Black "Chudinovskikh,A"]
[Result "1-0"]
[WhiteElo "2521"]
[BlackElo "2302"]

1.Nf3 d5 2.g3 Nc6 3.Bg2 g6 4.O-O Bg7 5.d3 e5 6.Na3 Nge7 7.c4 O-O 8.cxd5 Nxd5
9.Bg5 f6 10.Bd2 Be6 11.Nc2 a5 12.Ne3 Nde7 13.Bc3 Qd7 14.Nd2 b6 15.f4 exf4
16.gxf4 Rad8 17.Nf3 Bh6 18.Qa4 Qd6 19.Kh1 Qxf4 20.Nd4 Rxd4 21.Rxf4 Rxa4 22.Rxa4 f5
23.Nc2 b5 24.Nd4 Nxd4 25.Rxd4 b4 26.Bxb4 axb4 27.Rxb4 Nd5 28.Rb7 Ra8 29.a4 Bd2
30.a5 Ra6 31.e4 Nb4 32.Rd1 Rxa5 33.h4 Be3 34.Rxb4 c5 35.Rb7 f4 36.Bf3 h6
37.Rb1 g5 38.Bh5 Ra2 39.Rb6 Bf7 40.Rb8+  1-0

[Event "12th Kolobrzeg Open"]
[Site "Kolobrzeg POL"]
[Date "2011.08.24"]
[Round "9.5"]
[White "Kramer,N"]
[Black "Bukowska,K"]
[Result "0-1"]
[WhiteElo "1797"]
[BlackElo "2005"]

1.Nf3 d5 2.g3 Nf6 3.Bg2 e6 4.O-O Be7 5.d3 O-O 6.Nbd2 b6 7.e4 dxe4 8.dxe4 Bb7
9.Re1 Bc5 10.Ng5 Nc6 11.Nb3 Be7 12.Qe2 e5 13.c3 a5 14.Rd1 Qe8 15.Be3 Ba6
16.Qc2 h6 17.Nh3 Bc8 18.Qe2 a4 19.Nc1 Ba6 20.Qc2 Ng4 21.Bd2 Na5 22.Nd3 Rd8
23.Bf1 Nc4 24.Bc1 Qd7 25.Kg2 Bb7 26.Qe2 Nf6 27.f3 Qe6 28.Nhf2 Nh7 29.Qc2 a3
30.b3 Na5 31.Be3 Nc6 32.Rd2 Kh8 33.Rad1 f5 34.Qc1 Ng5 35.Be2 fxe4 36.fxe4 Na5
37.Nb4 Rxf2+ 38.Kxf2 Nxe4+ 39.Ke1 Nxd2 40.Rxd2 Rf8 41.Bd1 Qh3 42.Rf2 Rxf2
43.Bxf2 Qxh2 44.Qe3 Qh1+ 45.Ke2 Bg5 46.Qd3 Be4  0-1

[Event "23rd Porto San Giorgio Open"]
[Site "Porto San Giorgio ITA"]
[Date "2011.08.24"]
[Round "5"]
[White "Romanishin,O"]
[Black "Saptarshi,R"]
[Result "1-0"]
[WhiteElo "2526"]
[BlackElo "2385"]

1.Nf3 d5 2.g3 Nc6 3.d4 Bg4 4.Bg2 f6 5.c4 e6 6.h3 Bh5 7.cxd5 exd5 8.Nc3 Bb4
9.O-O Nge7 10.Ne1 a5 11.Nd3 Bf7 12.Nb5 Bd6 13.Bf4 Bxf4 14.Nxf4 O-O 15.Rc1 Nc8
16.e4 dxe4 17.d5 N8a7 18.Nc3 Ne5 19.Nxe4 b6 20.Qc2 c6 21.Ne6 Bxe6 22.dxe6 f5
23.Qc3 Qc7 24.Ng5 Nb5 25.Qe3 Na7 26.Rfe1 h6 27.Qxe5 Qxe5 28.Rxe5 hxg5 29.e7 Rfe8
30.Rxc6  1-0

[Event "31st Presolana Open"]
[Site "Presolana ITA"]
[Date "2011.08.24"]
[Round "5.6"]
[White "Genocchio,D"]
[Black "Horvath,Cs1"]
[Result "1-0"]
[WhiteElo "2446"]
[BlackElo "2517"]

1.g3 d5 2.Nf3 g6 3.Bg2 Bg7 4.O-O Nf6 5.d3 O-O 6.Nbd2 d4 7.Nb3 Nc6 8.e4 dxe3
9.fxe3 e5 10.e4 b6 11.h3 a5 12.Be3 Qe7 13.a4 Ba6 14.g4 Rad8 15.Nbd2 Nd7 16.Nb1 Nc5
17.Nc3 Nb4 18.Qd2 Ne6 19.Rae1 Rd7 20.Rf2 Qd8 21.Qc1 Re8 22.Ref1 Bxd3 23.cxd3 Nxd3
24.Qc2 Nxf2 25.Qxf2 Nf4 26.Nd5 Nd3 27.Qc2 Nb4 28.Qc4 Nxd5 29.exd5 e4 30.Ng5 h6
31.Nxe4 Rxd5 32.Qxd5 Qxd5 33.Nf6+ Bxf6 34.Bxd5 Rxe3 35.Rxf6 Re7 36.Rxg6+  1-0

[Event "3rd Senica Open"]
[Site "Senica SVK"]
[Date "2011.08.24"]
[Round "5.10"]
[White "Szirmai,Em"]
[Black "Birkenmaier,R"]
[Result "1/2-1/2"]
[WhiteElo "2005"]
[BlackElo "2152"]

1.Nf3 d5 2.g3 Nf6 3.Bg2 g6 4.c4 c6 5.cxd5 Nxd5 6.O-O Bg7 7.Nc3 O-O 8.d4 Bg4
9.Nxd5 cxd5 10.Ne5 Be6 11.Bf4 Qb6 12.Qd2 Nc6 13.Nxc6 bxc6 14.Rfd1 Bd7 15.Rac1 Rfe8
16.Qc3 Rac8 17.b4 e6  1/2-1/2

[Event "1st Isthmia Open"]
[Site "Vrachati GRE"]
[Date "2011.08.24"]
[Round "8.13"]
[White "Papadimitriou,A"]
[Black "Sethuraman,S"]
[Result "0-1"]
[WhiteElo "2184"]
[BlackElo "2529"]

1.Nf3 d5 2.g3 Nf6 3.Bg2 e6 4.O-O Be7 5.c4 O-O 6.d4 dxc4 7.Qc2 b5 8.a4 b4
9.Ne5 Qxd4 10.Bxa8 Qxe5 11.Bf3 Ba6 12.Bf4 Qc5 13.Be3 Qa5 14.Nd2 b3 15.Qc1 Qb4
16.Nb1 Nd5 17.Bd2 Qc5 18.Nc3 Nc6 19.Rd1 Ncb4 20.Nxd5 Nxd5 21.Bxd5 exd5 22.Bc3 Bb7
23.Qf4 Qc6 24.Bd4 Re8 25.e3 a5 26.Qg4 Bf8 27.Qe2 Qe6 28.Bc3 Bb4 29.Rd4 c5
30.Rh4 d4 31.Bxb4 Qc6 32.e4 cxb4 33.Qh5 h6 34.Rf4 g6 35.Qxh6 Rxe4 36.Rxe4 Qxe4  0-1

[Event "20th Kaerntner Chess Summer"]
[Site "Feffernitz AUT"]
[Date "2011.08.25"]
[Round "6"]
[White "Gallob,A"]
[Black "Meschnig,M"]
[Result "1/2-1/2"]
[WhiteElo "1838"]
[BlackElo "1966"]

1.Nf3 d5 2.g3 c5 3.Bg2 Nc6 4.d3 e5 5.Nbd2 Nf6 6.e4 d4 7.h3 Be7 8.O-O O-O
9.Re1 h6 10.Nf1 Be6 11.b3 b5 12.a4 a6 13.Qe2 Qd7 14.Kh2 Qc7 15.Bd2 c4 16.axb5 axb5
17.bxc4 bxc4 18.dxc4 Nb4 19.Bxb4 Bxb4 20.Rxa8 Rxa8 21.N1d2 Ra2 22.Qd3 Ra3
23.Qe2 Rc3 24.Rb1 Ba5 25.Ne1 Bxc4 26.Nxc4 Rxc4 27.Bf1 Rc5 28.c4 dxc3 29.Nc2 Qc6
30.f3 Nd7 31.g4 Nb6 32.Rb5 Rxb5 33.Qxb5 Qxb5 34.Bxb5 Kf8 35.Kg2 Ke7 36.Kf2 Kd6
37.Ke2 Kc5 38.Be8 f6 39.Bf7 Nc4 40.Be6 Bb4 41.Bf7 Nd6 42.Be6 Nb5 43.Kd3 Ba5
44.Bb3 Bb6 45.Ba4 Nd4 46.Ne1 Kb4 47.Bd1 Ba5 48.Nc2+ Kc5 49.Ne3  1/2-1/2

[Event "Malaysian Open"]
[Site "Kuala Lumpur MAS"]
[Date "2011.08.25"]
[Round "9.8"]
[White "Barbosa,O PHI"]
[Black "Yu Lie"]
[Result "1/2-1/2"]
[WhiteElo "2514"]
[BlackElo "2414"]

1.Nf3 d5 2.g3 Nf6 3.Bg2 c5 4.O-O Nc6 5.d4 e6 6.a3 a6 7.dxc5 Bxc5 8.Nbd2 O-O
9.c4 Qe7 10.b4 Ba7 11.Bb2 Rd8 12.Qc2 e5 13.b5 Nd4 14.Nxd4 Bxd4 15.bxa6 bxa6
16.Bxd4 exd4 17.Nb3 Bg4 18.Nxd4 Rac8 19.Qb2 Rxc4 20.e3 h6 21.Rfc1 Rdc8 22.Rxc4 Rxc4
23.Bf1 Ra4 24.Bd3 Bd7 25.Nc2 Qd6 26.Rb1 g6 27.Qc3 Ne4 28.Bxe4 Rxe4 29.Nd4 Re8
30.h4 Rb8 31.Rxb8+ Qxb8 32.Qa5 Qb1+ 33.Kg2 Bh3+ 34.Kh2 Qf1 35.Qd8+ Kg7 36.Qxd5 Bg4
37.Qe5+ Kg8 38.Qf6 Bf5 39.Nxf5 Qxf2+ 40.Kh3 Qf1+ 41.Kg4 Qe2+ 42.Kf4 Qf1+
43.Ke5 Qb5+ 44.Ke4 Qb1+ 45.Kd5 Qb5+ 46.Kd6 gxf5 47.Qd4 Qb8+ 48.Ke7 Qxg3 49.a4 Qc7+
50.Kf6 Qc6+ 51.Kxf5 Qf3+ 52.Ke5 Qc6 53.Qg4+ Kf8 54.Qd4 Qe6+ 55.Kf4 Kg8 56.a5 Qa2
57.Qb6 Qc4+ 58.Ke5 Qd3 59.h5 Qe2 60.Kd6 Qxh5 61.Kc7 Qe2 62.Qxh6 Qb5 63.Qb6 Qd3
64.Qc5 f5 65.Kc6 Kh7 66.Qe5 Qc4+ 67.Kb6 Kg6 68.Kb7 Qd3 69.Ka7 Qe2 70.Qg3+ Kf6
71.Qh4+ Kg6 72.Qf4 Qd3 73.Qe5 Qe2 74.Kb7 Qd3 75.Qe8+ Kg5 76.Qe6 Qb5+ 77.Qb6 Qd3
78.Qc5 Qe2 79.Qe5 Kg6 80.Qe8+ Kg5 81.Kb6 Qd3 82.Qe5 Kg6 83.Ka7 Qe2 84.Kb7 Qd3
85.Qe6+ Kg5 86.Ka7 Qe2 87.Qg8+ Kf6 88.Qb8 Kg5 89.Qf4+ Kg6 90.Qd4 Kg5 91.Qe5 Kg6
92.Kb6 Qd3 93.Kb7 Qe2 94.Qd6+ Kg5 95.Qxa6 Qxe3 96.Qc6 Qe7+ 97.Kc8 Qf8+ 98.Kc7 Qe7+
99.Kb6 Qd8+ 100.Kb5 Qd3+ 101.Qc4  1/2-1/2

[Event "1st Alghero Open"]
[Site "Alghero ITA"]
[Date "2011.08.26"]
[Round "1.10"]
[White "Collutiis,D"]
[Black "Magrini,F"]
[Result "1-0"]
[WhiteElo "2468"]
[BlackElo "2167"]

1.g3 d5 2.Nf3 e6 3.Bg2 f5 4.O-O Nf6 5.d3 Bd6 6.Nbd2 O-O 7.e4 fxe4 8.dxe4 Nbd7
9.Qe2 Bc5 10.Ng5 Nb6 11.Nb3 Qe7 12.Nxc5 Qxc5 13.e5 Ne8 14.Qd3 g6 15.a4 Nc4
16.b3 Nxe5 17.Qe2 Qd4 18.c3  1-0